000 00552nam a2200169 a 4500
001 000035059
005 20200930074058.0
008 111024s1973 ag 000 0 spa d
040 _aDO-SdBNP
_bspa
_cBNPHU
082 _axxx
_bL489
100 1 _aLefebvre, Henri
_944705
240 1 0 _aLa fin de l' histoire
_lespañol
245 1 3 _aLa violencia y el fin de la historia /
_cHenri Lefebvre ; traducción Alfredo Llanos.
260 _aBuenos Aires, Argentina :
_bSiglo Veinte,
_c1973.
300 _a235 p. ;
_c20 cm.
700 1 _aLlanos, Alfredo,
_etr.
_949911
999 _c34550
_d34550